5HLuxD.jpg

KING HENRY VIII SENIOR AND PRIMARY SCHOOL LIBRARY OPAC

Ants in our P. A. N. T. S. / (Record no. 3438)

000 -LEADER
fixed length control field 01587cam a2200361 i 4500
001 - CONTROL NUMBER
control field a1241014
003 - CONTROL NUMBER IDENTIFIER
control field OSt
005 - DATE AND TIME OF LATEST TRANSACTION
control field 20240120115500.0
008 - FIXED-LENGTH DATA ELEMENTS--GENERAL INFORMATION
fixed length control field 220712t20212021nyua b 6 000 0 eng d
020 ## - INTERNATIONAL STANDARD BOOK NUMBER
International Standard Book Number 9781250220059
Qualifying information (hardcover) :
040 ## - CATALOGING SOURCE
Original cataloging agency FMG
Language of cataloging eng
Transcribing agency FMG
Modifying agency OCLCO
-- MLN
-- TAE
-- KH8
Description conventions rda
042 ## - AUTHENTICATION CODE
Authentication code nbic
082 0# - DEWEY DECIMAL CLASSIFICATION NUMBER
Classification number 741.5973 GRE
100 1# - MAIN ENTRY--PERSONAL NAME
Personal name Green, John,
Dates associated with a name 1975-
Relator term author,
-- illustrator.
245 10 - TITLE STATEMENT
Title Ants in our P. A. N. T. S. /
Statement of responsibility, etc. written and illustrated by John Patrick Green ; with color by Wes Dzioba.
250 ## - EDITION STATEMENT
Edition statement First edition.
264 #1 - PRODUCTION, PUBLICATION, DISTRIBUTION, MANUFACTURE, AND COPYRIGHT NOTICE
Place of production, publication, distribution, manufacture New York :
Name of producer, publisher, distributor, manufacturer First Second,
Date of production, publication, distribution, manufacture, or copyright notice 2021.
264 #4 - PRODUCTION, PUBLICATION, DISTRIBUTION, MANUFACTURE, AND COPYRIGHT NOTICE
Date of production, publication, distribution, manufacture, or copyright notice ©2021.
300 ## - PHYSICAL DESCRIPTION
Extent 200 pages :
Other physical details color illustrations ;
Dimensions 22 cm.
336 ## - CONTENT TYPE
Content type term text
Content type code txt
Source rdacontent.
336 ## - CONTENT TYPE
Content type term still image
Content type code sti
Source rdacontent.
337 ## - MEDIA TYPE
Media type term unmediated
Media type code n
Source rdamedia.
338 ## - CARRIER TYPE
Carrier type term volume
Carrier type code nc
Source rdacarrier.
490 1# - SERIES STATEMENT
Series statement InvestiGators ;
Volume/sequential designation 4.
520 ## - SUMMARY, ETC.
Summary, etc. "With agent Brash trapped in a mysterious coma, the technicians at S.U.I.T. have designed the ultimate replacement: RoboBrash This high-tech replica has been programmed with all of the original Brash's crime-fighting skills and knowhow--but it seems he's got a few bugs in his system Will Mango and his new partner be enough to stop the giant ants that are on a rampage in the city?"--Provided by publisher.
521 1# - TARGET AUDIENCE NOTE
Target audience note Ages 7-10.
650 #0 - SUBJECT ADDED ENTRY--TOPICAL TERM
Topical term or geographic name entry element Alligators
Form subdivision Comic books, strips, etc.
650 #0 - SUBJECT ADDED ENTRY--TOPICAL TERM
Topical term or geographic name entry element Private investigators
Form subdivision Comic books, strips, etc.
650 #0 - SUBJECT ADDED ENTRY--TOPICAL TERM
Topical term or geographic name entry element Ants
Form subdivision Comic books, strips, etc.
700 1# - ADDED ENTRY--PERSONAL NAME
Personal name Dzioba, Wes,
Relator term colorist.
830 #0 - SERIES ADDED ENTRY--UNIFORM TITLE
Uniform title InvestiGators ;
Volume/sequential designation 4.
942 ## - ADDED ENTRY ELEMENTS (KOHA)
Source of classification or shelving scheme
Koha item type Books - Fiction
Holdings
Withdrawn status Lost status Source of classification or shelving scheme Damaged status Not for loan Collection code Permanent Location Current Location Shelving location Date acquired Total Checkouts Total Renewals Full call number Barcode Date due Date last seen Date last checked out Price effective from Koha item type
          Fiction KH8 Primary School Library KH8 Primary School Library Non Fiction 2024-01-20 20 2 741.5973 GRE KHPL000004384 2026-04-23 2026-04-16 2026-04-16 2024-01-20 Books - Fiction

Powered By KH8 IT Dept